| 000 | 00877nam a2200205 a 4500 | ||
|---|---|---|---|
| 003 | 0 | ||
| 005 | 20250625112453.0 | ||
| 008 | 021115s19uu xx 00 eng d | ||
| 050 |
_aPHS HV 5132 _b.Al45 1998 |
||
| 100 | _aAli-Akbar, Muhammad Ali. | ||
| 245 |
_aThe Incidence and effects of alcoholism to students in selected high schools in the cities of Las Piñas and Parañaque, school year 1997-1998 / _cMuhammad Ali Ali-Akbar. |
||
| 260 |
_aLas Piñas City, Philippines : _bSouthville International School and Colleges, _c1998. |
||
| 300 |
_a49 pages : _billustrations ; _c29 cm. |
||
| 504 | _aIncludes bibliographical references. | ||
| 650 |
_aAlcoholism _zPhilippines _zLas Piñas. |
||
| 650 |
_aAlcoholism _zPhilippines _zParañaque. |
||
| 650 |
_aHigh school students _xAlcohol use _zPhilippines. |
||
| 650 |
_aAlcoholism _xSocial aspects _zPhilippines. |
||
| 942 |
_2lcc _cPASS |
||
| 999 |
_c96202 _d96202 |
||